000 00284nas a2200109 4500
005 20230707134715.0
008 220323b ||||| |||| 00| 0 eng d
040 _a
_c
245 _aMadhu prapancha
260 _aD K Jenuvyavasayagarara sahakari sangha
_bPutturu
942 _2ddc
_cPR
_s1
999 _c222010
_d222010